Vista normal
Vista MARC
Entrada Topical Term
Número de registros utilizados en: 1
001 - CONTROL NUMBER
- control field: 44436
003 - CONTROL NUMBER IDENTIFIER
- control field: OSt
005 - DATE AND TIME OF LATEST TRANSACTION
- control field: 20251119132504.0
008 - FIXED-LENGTH DATA ELEMENTS
- fixed length control field: 251119|| aca||aabn | a|a d
040 ## - CATALOGING SOURCE
- Original cataloging agency: OSt
- Transcribing agency: OSt
150 ## - HEADING--TOPICAL TERM
- Topical term or geographic name entry element: Vida cotidiana
- Form subdivision: Novela
670 ## - SOURCE DATA FOUND
- Source citation: Work cat.: (OSt)31114: Baricco, Alessandro, 1958- 44434, Océano mar /